[Event "GER-chT Lands U20"]
[Site "Neumuenster"]
[Date "2021.10.02"]
[Round "1.6"]
[White "Nied, Pascal"]
[Black "Chugunov, Ivan"]
[Result "1-0"]
[WhiteElo "1878"]
[BlackElo "1515"]
[PlyCount "75"]
[EventDate "2021.10.01"]
[EventType "team-swiss"]
[EventRounds "7"]
[EventCountry "GER"]
[SourceTitle "CBM 204 Extra"]
[Source "ChessBase"]
[SourceDate "2021.11.30"]
[SourceVersion "1"]
[SourceVersionDate "2021.11.30"]
[SourceQuality "1"]
[WhiteTeam "Baden"]
[BlackTeam "Wuerttemberg"]
[WhiteTeamCountry "GER"]
[BlackTeamCountry "GER"]

1. e4 c5 2. Nf3 e6 3. d4 cxd4 4. Nxd4 Nc6 5. Nc3 Qc7 6. Be2 a6 7. 0-0 Nf6 8. Be3 b5 9. Nxc6 Qxc6 10. e5 Bb7 11. Bf3 Nd5 12. Nxd5 exd5 13. Qd2 d6 14. Bd4 dxe5 15. Bxe5 f6 16. Rfe1 Be7 17. Bc3 Kf7 18. Rad1 Rad8 19. Ba5 Rd6 20. Bb4 Rd7 21. Bxe7 Rxe7 22. Rxe7+ Kxe7 23. Bxd5 Qxd5 24. Qb4+ Ke6 25. Rxd5 Bxd5 26. Qg4+ Ke5 27. Qxg7 Rg8 28. Qe7+ Kf5 29. Qxh7+ Ke5 30. Qe7+ Kf5 31. f3 a5 32. Qd7+ Ke5 33. Qxb5 Ra8 34. c4 Rd8 35. Qxa5 Rd7 36. Qxd5+ Rxd5 37. cxd5 Kxd5 38. h4 1-0

[Event "GER-ch U16"]
[Site "Willingen"]
[Date "2021.08.29"]
[Round "9"]
[White "Haack, Kevin"]
[Black "Nied, Pascal"]
[Result "1-0"]
[WhiteElo "2076"]
[BlackElo "1870"]
[PlyCount "119"]
[EventDate "2021.08.22"]
[EventType "swiss"]
[EventRounds "9"]
[EventCountry "GER"]
[SourceTitle "EXT 2022"]
[Source "ChessBase"]
[SourceDate "2021.10.06"]
[SourceVersion "1"]
[SourceVersionDate "2021.10.06"]
[SourceQuality "1"]

1. e4 e6 2. d4 d5 3. e5 c5 4. c3 Qb6 5. Nf3 Nc6 6. a3 Nh6 7. b4 cxd4 8. b5 Na5 9. Bxh6 gxh6 10. cxd4 Bd7 11. Nbd2 Rg8 12. g3 Rg4 13. Bh3 Rxd4 14. Nxd4 Qxd4 15. 0-0 Qxe5 16. Re1 Qf6 17. Nf3 0-0-0 18. Ne5 Kb8 19. Qd3 Nc4 20. Nxd7+ Rxd7 21. Rac1 Bc5 22. Re2 Ne5 23. Rxe5 Bxf2+ 24. Kg2 Qxe5 25. Kxf2 Rc7 26. Rxc7 Kxc7 27. Bf1 Kd6 28. Qxh7 Qd4+ 29. Kg2 Qd2+ 30. Kh3 Qf2 31. Qd3 Qf6 32. Be2 e5 33. Qe3 b6 34. Qc1 Qe6+ 35. Bg4 f5 36. Qc6+ Ke7 37. Qc7+ Kf6 38. Bh5 Qe7 39. Qc6+ Qe6 40. Qb7 e4 41. Qxa7 e3 42. Qh7 Ke5 43. Qc7+ Kd4 44. Qc2 Qe4 45. Qb2+ Kc5 46. Be2 f4 47. Qc3+ Kd6 48. Qf6+ Kc5 49. Qxf4 Kd4 50. Qf6+ Kc5 51. Qf4 Kd4 52. Qxe4+ Kxe4 53. Kg2 d4 54. Kf1 d3 55. a4 dxe2+ 56. Kxe2 Kd5 57. Kxe3 Kc5 58. Kd3 Kb4 59. g4 Kxa4 60. Kc4 1-0

[Event "GER-ch U16"]
[Site "Willingen"]
[Date "2021.08.24"]
[Round "3"]
[White "Musiolik, David"]
[Black "Nied, Pascal"]
[Result "1-0"]
[WhiteElo "2286"]
[BlackElo "1870"]
[PlyCount "93"]
[EventDate "2021.08.22"]
[EventType "swiss"]
[EventRounds "9"]
[EventCountry "GER"]
[SourceTitle "EXT 2022"]
[Source "ChessBase"]
[SourceDate "2021.10.06"]
[SourceVersion "1"]
[SourceVersionDate "2021.10.06"]
[SourceQuality "1"]

1. e4 e6 2. d4 d5 3. e5 c5 4. c3 Qb6 5. Nf3 Nc6 6. a3 Nh6 7. b4 cxd4 8. b5 Na5 9. Bxh6 gxh6 10. cxd4 Bd7 11. Nbd2 Rc8 12. a4 Bb4 13. Rb1 Bc3 14. Bd3 Nc4 15. Bxc4 Rxc4 16. 0-0 Bxd2 17. Qxd2 Rxa4 18. Qxh6 Rg8 19. Qxh7 Kf8 20. h4 Rg7 21. Qh8+ Rg8 22. Qf6 Rg6 23. Qf4 Qd8 24. h5 Rg7 25. h6 Rg6 26. g3 Kg8 27. Nh4 Rg5 28. h7+ Kxh7 29. Qxf7+ Rg7 30. Qh5+ Kg8 31. Nf3 Qe8 32. Qh4 Rh7 33. Qg5+ Rg7 34. Qf6 Rf7 35. Qg6+ Rg7 36. Qd3 Ra5 37. Qc3 Rxb5 38. Ra1 a6 39. Kg2 Rb6 40. Rh1 Bb5 41. Rh6 Rc6 42. Qe3 Rcc7 43. Rah1 Kf8 44. Rh8+ Rg8 45. Qh6+ Rcg7 46. Rxg8+ Kxg8 47. Ng5 1-0